000 00666nam a2200205 a 4500
001 000035835
005 20200930074642.0
008 111115s1963 es 000 0 spa d
040 _aDO-SdBNP
_bspa
_cBNPHU
100 1 _aEy, Henri.
_961805
245 1 0 _aManuel de psychiatrie /
_cHenri Ey, P. Bernardo, Ch. Brisset.
250 _a2a ed.
260 _aParis :
_bMasson et,
_c1963.
300 _a1015 ;
_c23 cm.
500 _aIncluye referencias bibliográficas y notas al pie de las páginas
590 _aPerteneció a la biblioteca personal de Juan Isidro Jimenes Grullón.
700 1 _aBernardo, P.
_961806
700 1 _aBrisset, Ch.
_961807
049 _aBNPD
999 _c35326
_d35326